Popular Books - Statistics

General Stats
  • This quiz has been taken 93 times
  • The average score is 13 of 20
Answer Stats
Book Author % Correct
Harry Potter J.K. Rowling
100%
Romeo and Juliet William Shakespeare
95%
Pride and Prejudice Jane Austen
79%
The Hobbit J.R.R Tolkien
79%
The Cat in the Hat Dr. Seuss
77%
The Shining Stephen King
76%
Murder on the Orient Express Agatha Christie
73%
War and Peace Leo Tolstoy
69%
A Tale of Two Cities Charles Dickens
67%
The BFG Roald Dahl
67%
To Kill a Mockingbird Harper Lee
64%
The Great Gatsby Scott Fitzgerald
64%
The Old Man and the Sea Ernest Hemingway
63%
Adventures of Huckleberry Finn Mark Twain
62%
The Hunger Games Suzanne Collins
54%
The Da Vinci Code Dan Brown
50%
Moby Dick Herman Melville
48%
The Chronicles of Narnia C.S. Lewis
38%
Diary of a Wimpy Kid Jeff Kinney
23%
Fifty Shade of Grey E.L. James
21%
No matching quizzes found
Score Distribution
Percent of People with Each Score
Percentile by Number Answered
Your Score History
You have not taken this quiz